| 000 | 01301cam a22002894a 4500 | ||
|---|---|---|---|
| 001 | 13833814 | ||
| 005 | 20060420111923.0 | ||
| 008 | 050107s2005 coua | b 001 0 eng | ||
| 010 | _a 2005000399 | ||
| 020 | _a1588263282 (pbk. : alk. paper) | ||
| 040 |
_aDLC _cDLC _dDLC |
||
| 042 | _apcc | ||
| 050 | 0 | 0 |
_aJZ4850 _b.P65 2005 |
| 082 | 0 | 0 |
_a341.2 _222 _bDIE |
| 245 | 0 | 4 |
_aThe politics of global governance : _binternational organizations in an interdependent world / _cedited by Paul F. Diehl, editor. |
| 250 | _a3rd ed. | ||
| 260 |
_aBoulder, Colo. : _bLynne Rienner Publishers, _cc2005. |
||
| 300 |
_avii, 517 p. : _bill. ; _c23 cm. |
||
| 504 | _aIncludes bibliographical references and index. | ||
| 650 | 0 |
_aInternational agencies. _911156 |
|
| 650 | 0 |
_aInternational organization. _911157 |
|
| 700 | 1 |
_aDiehl, Paul F. _q(Paul Francis) _911158 |
|
| 856 | 4 | 1 |
_3Table of contents _uhttp://www.loc.gov/catdir/toc/ecip056/2005000399.html |
| 942 |
_2ddc _cBB |
||
| 999 |
_c13334 _d13334 |
||